000 00637nam a2200241Ia 4500
003 OSt
005 20220918173154.0
006 a|||||r|||| 00| 0
007 ta
008 220917b |||||||| |||| 00| 0 eng d
024 _a5,479
037 _cTextual
040 _aARTS
_cARTS
_beng
041 _2eng
_aeng
082 _a2:8, N3 (2D)
100 _aLawes Ann. ed
_945191
245 0 _aManagement skills for the information manager
260 _aEngland
_bAshgate
_c1993
300 _axi,228p
_ccm.
650 _aLIBRARY SCIENCE
942 _h2:8, N3 (2D)
_cTEXL
_2CC
999 _c147508
_d147508